Highest Grossing Concert Tours - Statistics

General Stats
  • This quiz has been taken 29,132 times
    15,415 since last reset
  • The average score is 7 of 15
Answer Stats
Tours Artist % Correct
Eras Taylor Swift
99%
Renaissance Beyoncé
72%
÷ / +–=÷x Ed Sheeran
71%
Farewell Yellow Brick Road Elton John
64%
U2 360 / Joshua Tree / Vertigo U2
56%
A Head Full of Dreams / Music of the Spheres Coldplay
52%
Beautiful Trauma Pink
52%
The Wall Live Roger Waters
49%
A Bigger Bang / No Filter The Rolling Stones
38%
Sticky & Sweet Madonna
34%
Love on Tour Harry Styles
33%
Black Ice AC/DC
26%
WorldWired Metallica
23%
Not in This Lifetime... Guns N' Roses
15%
2023 Bruce Springsteen
13%
No matching quizzes found
Score Distribution
Percent of People with Each Score
Percentile by Number Answered
Your Score History
You have not taken this quiz since the last reset